| 000 | 01211nam a2200289 a 4500 | ||
|---|---|---|---|
| 001 | ebr10439355 | ||
| 003 | CaPaEBR | ||
| 006 | m u | ||
| 007 | cr cn||||||||| | ||
| 008 | 110125s2010 enka s 001 0 eng d | ||
| 020 | _z9781849512749 | ||
| 020 | _z9781849512756 (e-book) | ||
| 040 |
_aCaPaEBR _cCaPaEBR |
||
| 035 | _a(OCoLC)704518331 | ||
| 050 | 1 | 4 |
_aQA76.73.P47 _bJ67 2010eb |
| 100 | 1 | _aJoshi, Vijay. | |
| 245 | 1 | 0 |
_aPHP jQuery cookbook _h[electronic resource] : _bover 60 simple but highly effective recipes to create interactive web applications using PHP with jQuery / _cVijay Joshi. |
| 260 |
_aBirmingham, U.K. : _bPackt Open Source, _c2010. |
||
| 300 |
_aiii, 317 p. : _bcol. ill. |
||
| 500 | _aIncludes index. | ||
| 533 |
_aElectronic reproduction. _bPalo Alto, Calif. : _cebrary, _d2011. _nAvailable via World Wide Web. _nAccess may be limited to ebrary affiliated libraries. |
||
| 650 | 0 |
_aElectronic commerce _xComputer programs. |
|
| 650 | 0 | _aPHP (Computer program language) | |
| 655 | 7 |
_aElectronic books. _2local |
|
| 710 | 2 | _aebrary, Inc. | |
| 856 | 4 | 0 |
_uhttp://site.ebrary.com/lib/rucke/Doc?id=10439355 _zAn electronic book accessible through the World Wide Web; click to view |
| 999 |
_c244445 _d244445 |
||